| 000 | 01557nam2a22002651 4500 | ||
|---|---|---|---|
| 001 | RU\NLR\INFOCOMM29\5000109210 | ||
| 005 | 20050207140929.1 | ||
| 035 | _a(NLR Aleph) 002728704 | ||
| 090 |
_a1942181 _c1942181 |
||
| 100 | _a20050207d1988 |||y0rusy50 ca | ||
| 101 | 0 | _arus | |
| 102 | _aRU | ||
| 105 | _ay ||||000|y | ||
| 200 | 1 |
_aРазработка систем изоляции сухих трансформаторов за рубежом _fВ.А. Минасбекова, С.Г. Трубачев |
|
| 210 | _d1988 | ||
| 461 | 0 |
_1001RU\NLR\INFOCOMM29\5000109181 _12001#$aЭлектротехническая промышленность$eОбзор. информ.$hСерия 03$iТрансформаторы, комплектные подстанции, реакторы$fВНИИ информ. и техн.-экон. исслед. в электротехнике (Информэлектро)$vВып.5 _91941405 _cМ. _d1983- _fВНИИ информ. и техн.-экон. исслед. в электротехнике (Информэлектро) _hСерия 03 _iТрансформаторы, комплектные подстанции, реакторы _nИнформэлектро _oОбзор. информ. _tЭлектротехническая промышленность _vВып.5 |
|
| 700 | 1 |
_aМинасбекова _bВ. А. _4070 |
|
| 701 | 1 |
_aТрубачев _bС. Г. _4070 |
|
| 801 | 0 |
_aRU _bNLR _gPSBO |
|
| 801 | 1 |
_aRU _bInfoComm _c20050207 |
|
| 852 |
_aNLR _jП10/5997 |
||
| 942 | _cISSUE | ||
| 980 | _aNB | ||
| 980 | _aRUSPER | ||